| 000 | 00784nam a2200277 a 4500 | ||
|---|---|---|---|
| 003 | AR-BaBNM | ||
| 005 | 20251128203614.0 | ||
| 008 | 082120s2002 ||||||||||||||000 | spa|| | ||
| 040 | _cAR-BaBNM | ||
| 100 | 1 | _aAlemán, Mateo | |
| 245 | 0 | 0 |
_aVida del pícaro Guzmán de Alfarache _bcriado del rey Felipe III nuestro señor y natural vecino de Sevilla. 1 |
| 250 | _a1ª ed. | ||
| 260 |
_aBuenos Aires _bSopena _c1941 |
||
| 300 | _a190 p. | ||
| 490 | 0 | _aBiblioteca Mundial Sopena | |
| 500 | _aTexto íntegro de acuerdo con el original | ||
| 650 | 4 | _aLITERATURA ESPAÑOLA | |
| 650 | 4 | _aDRAMA | |
| 650 | 4 | _aLITERATURA POPULAR | |
| 653 | _aCOMEDIA URBANA | ||
| 653 | _aCOSTUMBRISMO | ||
| 653 | _aNOVELA PICARESCA | ||
| 655 | _aLITERATURA | ||
| 942 | _cBK | ||
| 998 | _cisola | ||
| 999 |
_c4099 _d4099 |
||